LEADER 01105nam0 22002891i 450 001 SUN0054753 005 20061025120000.0 010 $a88-214-0930-9 100 $a20061023d1997 |0itac50 ba 101 $aita 102 $aIT 105 $a|||| ||||| 200 1 $aMeccanica delle strutture$esistemi rigidi ad elasticità concentrata$fAngelo Luongo, Achille Paolone 210 $aMilano$cMasson$d1997 215 $aXXI, 453 p.$d24 cm. 606 $aStrutture$xStatica$2FI$3SUNC009275 620 $dMilano$3SUNL000284 676 $a624.171$v21 700 1$aLuongo$b, Angelo$3SUNV043293$09603 701 1$aPaolone$b, Achille$3SUNV043294$09604 712 $aMasson $3SUNV000050$4650 801 $aIT$bSOL$c20181109$gRICA 912 $aSUN0054753 950 $aUFFICIO DI BIBLIOTECA DEI DIPARTIMENTI DI INGEGNERIA$d05 CONS G III 164 $e05 1876 995 $aUFFICIO DI BIBLIOTECA DEI DIPARTIMENTI DI INGEGNERIA$bIT-CE0100$h1876$kCONS G III 164$oc$qa 996 $aMeccanica delle strutture$976493 997 $aUNICAMPANIA LEADER 01586nam2-2200493---450- 001 990002793360203316 005 20160916111920.0 035 $a000279336 035 $aUSA01000279336 035 $a(ALEPH)000279336USA01 035 $a000279336 100 $a20060727h1984----km-y0itay0103----ba 101 0 $aita 102 $aIT 105 $aa|||||||001yy 200 1 $a<<1.7.2>>$fredazione di Lucilla de Lachenal, Beatrice Palma, Marina Sapelli$gtesti di A. Ambrogi...[et al.] 210 $aRoma$cDe Luca$d1984 215 $aXII, 245-576 p.$cill.$d25 cm 300 $aIn testa al front.: Ministero per i beni culturali e ambientali, Soprintendenza archeologica di Roma 410 0$12001 454 1$12001 461 1$1001000182226$12001 462 $1001000279320 606 0$aSculture$xCollezioni [del] Museo Nazionale Romano 676 $a937.007405632 702 1$aPALMA,$bBeatrice 702 1$aDE LACHENAL,$bLucilla 702 1$aSAPELLI RAGNI,$bMarina 702 1$aAMBROGI,$bAnnarena 710 02$aMuseo Nazionale Romano$0172754 801 0$aIT$bsalbc$gISBD 912 $a990002793360203316 951 $aI MU ROM 11/I.7 b$b597 DBC$cI MU 951 $aXI.5.B. 614 1.7.2$b252840 L.M.$cXI.5.B.$d391035 959 $aBK 969 $aUMA 969 $aDBC 979 $aDBC$b90$c20060727$lUSA01$h1301 979 $aDBC$b90$c20060727$lUSA01$h1302 979 $aDBC$b90$c20060727$lUSA01$h1308 979 $aALESSANDRA$b90$c20160916$lUSA01$h1115 979 $aALESSANDRA$b90$c20160916$lUSA01$h1119 996 $a1.7.2$91392899 997 $aUNISA LEADER 01512nam a2200373 i 4500 001 991001088419707536 005 20020507183042.0 008 940725s1983 de ||| | eng 020 $a0387908579 035 $ab10799308-39ule_inst 035 $aLE01306842$9ExL 040 $aDip.to Matematica$beng 041 0 $aeng$ager 082 0 $a519.72 084 $aAMS 90C05 084 $aLC QA1.A647 100 1 $aGlashoff, Klaus$0535940 245 10$aLinear optimization and approximation :$ban introduction to the theoretical analysis and numerical treatment of semi-infinite programs /$cKlaus Glashoff, Sven-Ake Gustafson 250 $aEngl. ed. 260 $aNew York :$bSpringer-Verlag,$cc1983 300 $aix, 197 p. :$bill. ;$c24 cm 490 0 $aApplied mathematical sciences ;$v45 500 $aIncludes bibliographical references and index 500 $aOrig. ed. - Darmstadt : Wissenshaftliche Buchgesellschaft, 1978 500 $aTranslation of: Einfuhrung in die lineare Optimierung 650 0$aDuality theory 650 0$aMathematical optimization 700 1 $aGustafson, Sven-Ake$eauthor$4http://id.loc.gov/vocabulary/relators/aut$0536033 907 $a.b10799308$b23-02-17$c28-06-02 912 $a991001088419707536 945 $aLE013 90C GLA11 (1983)$g1$i2013000001791$lle013$o-$pE0.00$q-$rl$s- $t0$u0$v0$w0$x0$y.i10903033$z28-06-02 996 $aLinear optimization and approximation$91455740 997 $aUNISALENTO 998 $ale013$b01-01-94$cm$da $e-$feng$gde $h0$i1